Glowne zalozenia przeksztalcenia EWG w unie gospodarcza i walutowa.
Vývoj organizácií krajín EHS od 80. rokov po súčasnosť. Správa Delorsovej komisie je zameraná na založenie hospodárskej a menovej únie. Tri etapy jej vývoja. Traktát o Európskej únii a jeho ciele. Európsky menový ústav. Ekonomické kritériá, podľa ktorých sa rozhodne, ktoré členské štáty sa stanú čle...
Salvato in:
| Autore principale: | |
|---|---|
| Natura: | Capitolo di libro |
| Lingua: | polacco |
| Soggetti: | |
| Tags: |
Nessun Tag, puoi essere il primo ad aggiungerne!!
|
MARC
| LEADER | 00000naa a2200000 4500 | ||
|---|---|---|---|
| 001 | r008568 | ||
| 005 | 20221125123121.5 | ||
| 041 | 0 | |a pol | |
| 044 | |a PL | ||
| 245 | 1 | 0 | |a Glowne zalozenia przeksztalcenia EWG w unie gospodarcza i walutowa. |c L. Oreziak |
| 520 | |a Vývoj organizácií krajín EHS od 80. rokov po súčasnosť. Správa Delorsovej komisie je zameraná na založenie hospodárskej a menovej únie. Tri etapy jej vývoja. Traktát o Európskej únii a jeho ciele. Európsky menový ústav. Ekonomické kritériá, podľa ktorých sa rozhodne, ktoré členské štáty sa stanú členmi únie. | ||
| 610 | 2 | 0 | |a EHS |
| 610 | 2 | 0 | |a únie menové |
| 610 | 2 | 0 | |a zmluvy medzinárodné |
| 610 | 2 | 0 | |a Európska únia |
| 100 | 1 | |a Oreziak, L. | |